000 00993nac a22002891i 4500
003 EG-ScBUE
005 20230726103013.0
008 230726r19861942enkb f b 000 0 eng d
020 _a0140233229
020 _a9780140233223
040 _aEG-ScBUE
_beng
_erda
_cEG-ScBUE
_dEG-ScBUE
082 0 4 _a914.203
_bTRE
_222
100 1 _aTrevelyan, George Macaulay,
_d1876-1962,
_eauthor.
245 1 0 _aEnglish social history :
_ba survey of six centuries, Chaucer to Queen Victoria /
_cG. M. Trevelyan.
250 _aReprint edition.
264 1 _aHarmondsworth :
_bPenguin Books,
_c1986.
300 _a649 pages :
_bmaps ;
_c18 cm
336 _2rdacontent
_atext
_btxt
337 _2rdamedia
_aunmediated
_bn
338 _2rdacarrier
_avolume
_bnc
504 _aIncludes bibliographical references.
650 7 _aGreat Britain
_xHistory.
_2BUEsh
651 7 _aGreat Britain
_xHistory.
_2BUEsh
651 7 _aGreat Britain
_xSocial conditions.
_2BUEsh
655 _vReading book
942 _cBB
_2ddc
999 _c8544
_d8544